Normal view
MARC view
Entry Personal Name
001 - CONTROL NUMBER
- control field: 45443
003 - CONTROL NUMBER IDENTIFIER
- control field: ARRUPE
005 - DATE AND TIME OF LATEST TRANSACTION
- control field: 20190328083420.0
008 - FIXED-LENGTH DATA ELEMENTS
- fixed length control field: 190328|| aca||aabn | a|a d
040 ## - CATALOGING SOURCE
- Original cataloging agency: ARRUPE
- Transcribing agency: ARRUPE
100 ## - HEADING--PERSONAL NAME
- Personal name: Davidsen-Nielsen, Marianne
670 ## - SOURCE DATA FOUND
- Source citation: Work cat.: (ARRUPE): Leick, Nini 45439, Healing pain, 1991